00563nam a2200193 a 4500001001300000003000900013005001700022008004100039020002400080082001600104100002500120245005700145260004200202300000900244500003500253505001900288650003700307700002500344nice12345678IN_TiNIC20260116014047.0100329s2002 graa grp 000 0 eng  a9780801031205c115000a201.03bTHI aThiselton, C Anthony aA Concise Encyclopedia of the Philosophy of Religion aGrand RapidsbBaker Book House c2002 a344p aincludes index and biblioraphy2 aindex of names aEncyclopeadia-Religion-christian1 aThiselton, C Anthony